000 01538nam a2200289Ia 4500
999 _c52519
_d52519
001 19543
003 GE_BSU
005 20200227152905.0
008 181216s1969||||ge |||||||||||||| ||geo||
040 _cGE_BSU
041 _ageo
080 _a81(44)(092) თ-86
100 _aთურნავა, სერგო
_97548
245 _aრენე ლაფონი და საქართველო :
_b[ნარკვევი ფრანგი ბასკოლოგის და კავკასიოლოგის შესახებ] /
_cსერგო თურნავა ; რედ. ლ. მიმინოშვილი.
264 _aთბილისი :
_bმეცნიერება,
_c1969.
300 _a95 გვ. ;
_c22 სმ.
504 _aბიბლიოგრ. : გვ. 92. - რენე ლაფონის დაბეჭდილი სამეცნიერო ნაშრომების ბიბლიოგრ. : 89-91
520 _aრეზუმე ფრანგულ ენაზე
541 _h3ლ.
653 _aენათმეცნიერება
653 _aქართული კულტურა
653 _aფრანგი ენათმეცნიერები
653 _aფრანგი კავკასიოლოგები
653 _aფრანგი ბასკოლოგები
700 _aმიმინოშვილი, ლ.
_eრედაქტორი
_97549
942 _cBK
_2udc